Game theory at work : (Record no. 2508)

MARC details
000 -LEADER
fixed length control field 01006nac a22002171u 4500
010 ## - LIBRARY OF CONGRESS CONTROL NUMBER
LC control number 2002013681
020 ## - INTERNATIONAL STANDARD BOOK NUMBER
International Standard Book Number 0071400206 (hardcover : alk. paper)
082 00 - DEWEY DECIMAL CLASSIFICATION NUMBER
Classification number 658.40353
Item number M6471
090 ## - LOCALLY ASSIGNED LC-TYPE CALL NUMBER (OCLC); LOCAL CALL NUMBER (OCLC)
-- 2508
-- 2508
100 ## - MAIN ENTRY--PERSONAL NAME
Personal name Miller, James D.
245 10 - TITLE STATEMENT
Title Game theory at work :
Remainder of title how to use game theory to outthink and outmaneuver your competition /
Statement of responsibility, etc James D. Miller.
260 ## - PUBLICATION, DISTRIBUTION, ETC. (IMPRINT)
Place of publication, distribution, etc New York :
Name of publisher, distributor, etc McGraw-Hill,
Date of publication, distribution, etc 2003.
300 ## - PHYSICAL DESCRIPTION
Extent vii, 306 p. :
Other physical details ill. ;
Dimensions 24 cm.
500 ## - GENERAL NOTE
General note Shuaa.
504 ## - BIBLIOGRAPHY, ETC. NOTE
Bibliography, etc Includes bibliographical references (p. 293-298) and index.
650 #0 - SUBJECT ADDED ENTRY--TOPICAL TERM
Topical term or geographic name as entry element Management games.
856 42 - ELECTRONIC LOCATION AND ACCESS
Materials specified Contributor biographical information
Uniform Resource Identifier <a href="http://www.loc.gov/catdir/bios/mh041/2002013681.html">http://www.loc.gov/catdir/bios/mh041/2002013681.html</a>
856 42 - ELECTRONIC LOCATION AND ACCESS
Materials specified Publisher description
Uniform Resource Identifier <a href="http://www.loc.gov/catdir/description/mh031/2002013681.html">http://www.loc.gov/catdir/description/mh031/2002013681.html</a>
942 ## - ADDED ENTRY ELEMENTS (KOHA)
Item type Book - Borrowing
Call number prefix 658.40353 M6471
Holdings
Withdrawn status Item status Damaged status Not for loan Home library Current library Shelving location Date acquired Source of acquisition Total Checkouts Total Renewals Full call number Barcode Date last seen Date last borrowed Koha item type
        Central Library Central Library First floor 22/02/2007 Purchase 5 51 658.40353 MIL 000001735 15/07/2025 18/09/2012 Book - Borrowing